[Event "New Delhi Parsvnath op 7th"]
[Site "New Delhi"]
[Date "2009.01.11"]
[Round "1"]
[White "Samuder, Kumar Girsa"]
[Black "Iuldachev, Saidali"]
[Result "0-1"]
[WhiteElo "1916"]
[BlackElo "2520"]
[PlyCount "62"]
[EventDate "2009.01.11"]
[EventType "swiss"]
[EventRounds "10"]
[EventCountry "IND"]
[SourceTitle "CBM 128 Extra"]
[Source "ChessBase"]
[SourceDate "2009.03.05"]
[SourceVersion "2"]
[SourceVersionDate "2009.03.25"]
[SourceQuality "1"]

1. d4 Nf6 2. c4 d6 3. Nf3 Nbd7 4. Nc3 c6 5. g3 e5 6. Bg2 Be7 7. 0-0 0-0 8. Qc2 Re8 9. b3 Bf8 10. Bg5 h6 11. dxe5 dxe5 12. Bd2 Nc5 13. Rad1 Qc7 14. b4 Ne6 15. Ne4 Nxe4 16. Qxe4 f6 17. Bc3 Qf7 18. Rd2 Nc7 19. Rfd1 Be6 20. b5 cxb5 21. Qxb7 bxc4 22. Bxe5 fxe5 23. Nxe5 Qf5 24. Qxc7 Rac8 25. Qa5 Bc5 26. Qc3 Qxf2+ 27. Kh1 Qe3 28. Qxe3 Bxe3 29. Rd6 c3 30. Rxe6 Rxe6 31. Bd5 Rb8 0-1